Geography Quiz

Random Geography or Blitz Quiz
Score 0/10 Timer 01:00
2 Plays Today
% Correct
Tunisia
95.1%
Mauritania
93.5%
Uzbekistan
92.8%
Azerbaijan
90.2%
Maldives
89.3%
Malaysia
88.3%
Singapore
86.9%
Turkmenistan
82.7%
Comoros
82.6%
Brunei
58.7%
Remove Ads.
Support Sporcle.
Get the best of Sporcle when you Go Orange. This ad-free experience offers more features, more stats, and more fun while also helping to support Sporcle. Thank you for becoming a member.

You're not logged in!

Compare scores with friends on all Sporcle quizzes.
OR
Log In

Sporcle TV

Today on Sporcle TV


Watch our educational content, quiz creation guides, and fun videos on Sporcle TV.

Show Comments

Extras

Top Quizzes Today


Score Distribution

Paid Content

Your Account Isn't Verified!

In order to create a playlist on Sporcle, you need to verify the email address you used during registration. Go to your Sporcle Settings to finish the process.

Report this User

Report this user for behavior that violates our Community Guidelines.

Details: